Cemento : (Record no. 6962)

000 -CABECERA
fixed length control field 00945nam a22002057a 4500
003 - IDENTIFICADOR DEL NÚMERO DE CONTROL
control field AR-CdUCM
008 - DATOS DE LONGITUD FIJA--INFORMACIÓN GENERAL
fixed length control field 190319b ||||| |||| 00| 0 spa d
040 ## - FUENTE DE LA CATALOGACIÓN
Agencia/entidad que catalogó originalmente la obra MUNICIPALIDAD PROVINCIAL DEL CUSCO
Entidad que transcribió la catalogación BIBLIOTECA MUNICIPAL DEL CUSCO
082 ## - NÚMERO DE LA CLASIFICACIÓN DECIMAL DEWEY
No. de Clasificación 620.13 /
Notacion interna K36
100 ## - ENTRADA PRINCIPAL--NOMBRE DE PERSONA
Nombre Personal Keil, Phil. Fritz
245 ## - MENCIÓN DE TÍTULO
Título Cemento :
Resto del título Fabricacion - Propiedades y aplicaciones /
260 ## - PUBLICACIÓN, DISTRIBUCIÓN, ETC.
Lugar de publicación, distribución, etc. Españan :
Nombre de la editorial, distribuidor, etc. Técnicos Asociados S.A. ,
Fecha de publicación, distribución, etc. 1973.
300 ## - DESCRIPCIÓN FÍSICA
Nº de Páginas Extensión 483 páginas ;
Dimensiones 25 cm.
505 ## - NOTA DE CONTENIDO CON FORMATO
Nota de contenido formateada Contenido : El cemento como conglomerante en la tecnica de la construccion -- Quimica del Clinkey de Cemento -- Propiedades Fisicas del cemento y del Hormigon -- Influencia de agentes naturales y de los derivados de la tecnologia sobre el hormigon -- Tecnica de los Procesos de coccion y de molienda...
650 ## - PUNTO DE ACCESO ADICIONAL DE MATERIA--TÉRMINO DE MATERIA
Descriptor Materiales de Construccion
9 (RLIN) 19633
650 ## - PUNTO DE ACCESO ADICIONAL DE MATERIA--TÉRMINO DE MATERIA
Descriptor El Cemento
9 (RLIN) 19634
650 ## - PUNTO DE ACCESO ADICIONAL DE MATERIA--TÉRMINO DE MATERIA
Descriptor Construccion Civil
9 (RLIN) 19570
942 ## - ELEMENTOS DE PUNTO DE ACCESO ADICIONAL (KOHA)
Fuente de clasificación
Tipo de item Libros-BMC
945 ## - PROCESAMIENTO DE INFORMACIÓN LOCAL (OCLC)
Catalogador rtm
Holdings
Estado de retiro (separado) Fuente de clasificación o esquema de estanterías Estado dañado Ubicación Sala donde se ubica Nombre de la colección Fecha de adquisición o compra Costo, precio normal en soles Signatura topográfica Código de Barras Última vez visto (Koha) Tipo de ítem (Koha)
No     Sala Ciencias Sala Ciencias Book Cart 2019-03-19 80.00 620.13 / K36 SC0000000225 2019-03-19 Libros-BMC

Powered by Koha